Datum a čas kvízu
25
Celkem bodů
Celkový počet nahraných bodů na tomto kvízu bez doplňovacích otázek.
10.
Pořadí na kvízu
Konečné umístění týmu na tomto kvízu.
Zaznamenané odpovědi
| # | Otázka | Odpověď | Body | Výsledky |
|---|---|---|---|---|
| 1. | Brífink hnutí ANO v poslanecké... | 1 | ||
| 2. | Jde o dvě ručně psané stránky,... | 0 | ||
| 3. | Ze které země pochází dívka, k... | 0 | ||
| 4. | Estonská společnost, nabízejíc... | 0 | ||
| 5. | Je pochopitelně pozoruhodné, ž... | 1 | ||
| 6. | Ve kterém severoevropském přís... | 0 | ||
| 7. | Jaltská konference byla jedním... | 0.5 | ||
| 8. | V severoirském přístavním měst... | 0 | ||
| 9. | Jak se jmenuje černohorské pří... | 0 | ||
| 10. | Jak se jmenuje přístavní město... | 0 |